• 首页
  • 本馆介绍
  • 公告通知
  • 最新文献
  • 馆藏检索
  • 电子资源
  • 读者导购
  • 参考咨询
  • 我的图书馆
  • 登录
  • 详细信息显示
  • 放入我的书架
  • 预约/预借图书
  • 作者相关作品
  • 分类相关作品
  • 丛书相关作品
  • 出版社相关作品

书目信息

  • 表格格式
  • 工作单格式
  • 卡片格式
题名:
大数据分析可视化
    
 
作者: 李宗伟 主编
分册:  
出版信息: 北京   人民邮电出版社  2022
页数: 281页
开本: 26cm
丛书名:
单 册:
中图分类: TP317.3 , TP317
科图分类:
主题词: 可视化软件--数据处理--高等学校--教材
电子资源:
ISBN: 978-7-115-58414-4
000 01106nam0 2200253 450
001 2266793012
005 20220928183425.49
010    @a978-7-115-58414-4@dCNY89.00
100    @a20220211d2022 em y0chiy50 ea
101 0  @achi
102    @aCN@b110000
105    @aa z 000yy
200 1  @a大数据分析可视化@9da shu ju fen xi ke shi hua@f李宗伟主编
210    @a北京@c人民邮电出版社@d2022
215    @a281页@c图@d26cm
300    @a应用型本科信管专业系列教材
330    @a本书从大数据可视化的基本概念入手,介绍大数据的采集及预处理、大数据可视化的主要工具及使用相关工具进行可视化分析等方面的内容。《大数据分析可视化》共8章。第1章-第3章主要介绍大数据可视化的基本概念、相关工具和大数据采集及预处理,第4章-第6章主要介绍基本图形制作、极坐标系和平行坐标系下各类图形制作及基本三维图形与地图制作,第7章-第8章主要介绍机器学习可视化图形制作及进阶图形制作。
510 1  @aBig data analysis visualization@zeng
606 0  @a可视化软件@x数据处理@x高等学校@j教材
690    @aTP317.3@v5
690    @aTP317@v4
701  0 @a李宗伟@9li zong wei@4主编
801  0 @aCN@b91MARC@c20220225
905    @aZUCC@dTP317@e125
    
    大数据分析可视化/李宗伟主编.-北京:人民邮电出版社,2022
    281页:图;26cm
    应用型本科信管专业系列教材
    
    ISBN 978-7-115-58414-4:CNY89.00
    本书从大数据可视化的基本概念入手,介绍大数据的采集及预处理、大数据可视化的主要工具及使用相关工具进行可视化分析等方面的内容。《大数据分析可视化》共8章。第1章-第3章主要介绍大数据可视化的基本概念、相关工具和大数据采集及预处理,第4章-第6章主要介绍基本图形制作、极坐标系和平行坐标系下各类图形制作及基本三维图形与地图制作,第7章-第8章主要介绍机器学习可视化图形制作及进阶图形制作。
●
相关链接 在五车中查询图书 在当当中查询图书 在豆瓣中查询图书


正题名:大数据分析可视化     索取号:TP317/125         预约/预借

序号 登录号 条形码 馆藏地/架位号 状态 备注
1 2000905138   2000905138   第三书库/ [索取号:TP317/125] 在馆    
2 2000905139   2000905139   第三书库/ [索取号:TP317/125] 在馆    
3 2000905140   2000905140   第三书库/ [索取号:TP317/125] 在馆    
山东省滨州职业学院图书馆 欢迎您!
大连网信软件有限公司© 版权所有